000 00699caa a2200205 4500
999 _c458407
_d458407
001 5148669
003 UA-OsUOA
005 20200303155033.0
008 200303b un ||||| |||| 00| 0 ukr d
040 _aUA-OsUOA
_bukr
_cUA-OsUOA
_dUA-OsUOA
041 _aukr
080 _a908
090 _a908
100 _aБендюк Н.
245 _aОстрозький пленер 2012 року "Героїка Острожчини та всієї України"
_cН. Бендюк
300 _aС. 276–281
650 _2UDC
773 0 _0399317
_9416565
_dОстрог НаУОА 2013
_o148880
_tОстрозький краєзнавчий збірник
_w(UA-OsUOA) 113460
942 _2udc
_cBKA